Van Gogh's Provence / (Record no. 24026)

000 -LEADER
fixed length control field 01091cam a2200301 a 4500
001 - CONTROL NUMBER
control field 4379301
005 - DATE AND TIME OF LATEST TRANSACTION
control field 20170127151859.0
008 - FIXED-LENGTH DATA ELEMENTS--GENERAL INFORMATION
fixed length control field 910718s1992 nyuab 000 0 eng
010 ## - LIBRARY OF CONGRESS CONTROL NUMBER
LC control number 91028773
020 ## - INTERNATIONAL STANDARD BOOK NUMBER
International Standard Book Number 0876636210 :
Terms of availability $16.95
040 ## - CATALOGING SOURCE
Original cataloging agency DLC
Transcribing agency DLC
Modifying agency DLC
043 ## - GEOGRAPHIC AREA CODE
Geographic area code e-fr---
050 00 - LIBRARY OF CONGRESS CALL NUMBER
Classification number ND653
Item number .G7A4 1992
100 1# - MAIN ENTRY--PERSONAL NAME
Personal name Gogh, Vincent van,
Dates associated with a name 1853-1890.
240 10 - UNIFORM TITLE
Uniform title <a href="Provence">Provence</a>
245 10 - TITLE STATEMENT
Title Van Gogh's Provence /
Statement of responsibility, etc. [produced, edited, and designed by Russell Ash & Bernard Higton].
260 ## - PUBLICATION, DISTRIBUTION, ETC. (IMPRINT)
Place of publication, distribution, etc. New York, NY :
Name of publisher, distributor, etc. Universe,
Date of publication, distribution, etc. 1992.
300 ## - PHYSICAL DESCRIPTION
Extent 62 p. :
Other physical details ill. (some col.), col. map ;
Dimensions 20 x 24 cm.
600 10 - SUBJECT ADDED ENTRY--PERSONAL NAME
Personal name Gogh, Vincent van,
Dates associated with a name 1853-1890
General subdivision Themes, motives.
650 #0 - SUBJECT ADDED ENTRY--TOPICAL TERM
Topical term or geographic name as entry element Provence (France) in art.
700 1# - ADDED ENTRY--PERSONAL NAME
Personal name Ash, Russell.
700 1# - ADDED ENTRY--PERSONAL NAME
Personal name Higton, Bernard.
942 ## - ADDED ENTRY ELEMENTS (KOHA)
Source of classification or shelving scheme
Koha item type Hard Covered Materials
Classification part ND653 .G7A4 1992
Holdings
Withdrawn status Lost status Source of classification or shelving scheme Damaged status Not for loan Home library Current library Shelving location Date acquired Source of acquisition Total Checkouts Full call number Barcode Date last seen Price effective from Koha item type
          MACHAKOS UNIVERSITY LIBRARY MACHAKOS UNIVERSITY LIBRARY Technical section 27/01/2017 Donation(BFA)   ND653 .G7A4 1992 32537 10/07/2018 27/01/2017 Hard Covered Materials
© Machakos University Library, Along The Highway, Machakos Wote Rd, Machakos, Kenya P.O. Box 136 - 90100 Machakos - Kenya

Tel: ( +254 ) 723 805829 OR Fax : 044-20353 OR Email: library@mksu.ac.ke